Movies Quiz

Random Movies or Animation Quiz

Animated Moms Quiz Stats

 Plays Quiz Updated Apr 19, 2020

     
Support Sporcle.
Go Orange.
Score 0/28 Timer 06:00
8 Plays Today
Movie % Correct
Finding Nemo- Coral
96.3%
The Incredibles- Helen Parr
93.4%
Shrek 2- Queen Lillian
92.4%
Bambi- Bambi's mother
92%
Cinderella- Lady Tremaine
90.9%
The Lion King- Sarabi
90.7%
Mulan- Fa Li
90.4%
Dumbo- Mrs. Jumbo
87.9%
Winnie the Pooh- Kanga
86%
A Bug's Life- Queen
81.8%
Sleeping Beauty- The Queen
80.4%
101 Dalmatians- Perdita
80.1%
The Aristocats- Duchess
77.3%
Happy Feet- Norma Jean
72.8%
Movie % Correct
Toy Story- Andy's Mom
69.9%
Hercules- Hera
66.6%
Tangled- The Queen
64.6%
The Princess and the Frog- Eudora
63.4%
The Jungle Book- Raksha
60.8%
Robin Hood- Mother Rabbit
54.2%
Brave- Queen Elinor
51.7%
Fantastic Mr. Fox- Mrs. Fox
47.9%
Peter Pan- Mary Darling
45.1%
The Prince of Egypt- Yocheved
40.7%
The Lorax- Ted's mom
15.9%
Cloudy with a Chance of Meatballs- Fran Lockwood
15.2%
Tale of Despereaux- Antoinette
10.5%
Arthur Christmas- Mrs. Claus
5.3%

From the Vault

US Capitals West to East

by cloycebox

Geography 10m
A very helpful quiz if you're going on a very meandering cross-country road trip.
Remove Ads.
Support Sporcle.
Get the best of Sporcle when you Go Orange. This ad-free experience offers more features, more stats, and more fun while also helping to support Sporcle. Thank you for becoming a member.

Show Comments

Extras

Top Quizzes Today


Score Distribution

Your Account Isn't Verified!

In order to create a playlist on Sporcle, you need to verify the email address you used during registration. Go to your Sporcle Settings to finish the process.

Report this User

Report this user for behavior that violates our Community Guidelines.

Details: